00988nam a22002177a 4500999001700000003000900017008004100026040007100067082002500138110003700163245007300200260005400273300002300327505022100350650001800571650001900589650002200608942001600630945002000646952010400666 c15485d15485AR-CdUCM190427b ||||| |||| 00| 0 spa d aMUNICIPALIDAD PROVINCIAL DEL CUSCOcBIBLIOTECA MUNICIPAL DEL CUSCO a982.05 /bM66 / 1912 aArchivo del General Mitre934576 aPlanificación y organización nacional : bDespués de Pavon / aBuenos Aires :bBiblioteca de la nación,c1912. a26 tomos ;c22 cm. aContenido : t.12 : Cartas de Don Juan E. Torrente sobre la revolución y pronunciamiento de corrientes -- Nueve cartas de D. Domingo F. Sarmiento -- Correspondencia con el gobierno de San Luis y otros documentos ... aHistoria9136 aArchivo914548 aCorrientes934577 2ddccLIBROS arahd27/04/2019 002ddc4070aSCAbSCcCARTd2019-04-27g30.00o982.05 / M66 / 1912pSCA0003506r2019-04-27yLIBROS